书目信息 |
| 题名: |
发展心理学
|
|
| 作者: | LAURA | |
| 分册: | 婴儿孩童青春期 | |
| 出版信息: | 北京 北京大学出版社 |
|
| 页数: | 458 | |
| 开本: | 19cm | |
| 丛书名: | 培文书系心理学系列 | |
| 单 册: | ||
| 中图分类: | C03 | |
| 科图分类: | ||
| 主题词: | 社会科学--科学方法论 | |
| 电子资源: | ||
| ISBN: | 7-301-08047-6 | |
| 000 | 00565nam0 2200217 450 | |
| 001 | 0757995392 | |
| 005 | 20071007160635.39 | |
| 010 | @a7-301-08047-6 | |
| 100 | @a20071007d km y0chiy0120 ea | |
| 101 | 0 | @achi |
| 200 | 1 | @a发展心理学@Afa zhan xin li xue@h婴儿孩童青春期@fLAURA |
| 205 | @a第5版 | |
| 210 | @a北京@c北京大学出版社 | |
| 215 | @a458@d19cm | |
| 225 | 2 | @a培文书系心理学系列 |
| 410 | 0 | @12001 @a培文书系心理学系列 |
| 606 | 0 | @a社会科学@x科学方法论 |
| 690 | @aC03@v3 | |
| 701 | 0 | @aLAURA |
| 801 | 0 | @aCN@bPFT@c20071007 |
| 905 | @a213230@dC03@ea2@f1 | |
| 发展心理学.婴儿孩童青春期/LAURA.-第5版.-北京:北京大学出版社 |
| 458;19cm.-(培文书系心理学系列) |
| ISBN 7-301-08047-6: |
| ● |
| 相关链接 |
|
|
|
|
正题名:发展心理学
索取号:C03/a2
 
预约/预借
| 序号 | 登录号 | 条形码 | 馆藏地/架位号 | 状态 | 备注 |
| 1 | 7507365 | 275073652 | 史法系资料室/ [索取号:C03/a2] | 在馆 |